ბათუმის შოთა რუსთაველის სახელმწიფო უნივერსიტეტის ბიბლიოთეკა

დიდი თავადი ბესარიონ ლორთქიფანიძე (ბიბ.ჩანაწერი № 43231)

000 -LEADER
fixed length control field 00806nam a2200229Ia 4500
001 - CONTROL NUMBER
control field 9958
003 - CONTROL NUMBER IDENTIFIER
control field GE_BSU
008 - FIXED-LENGTH DATA ELEMENTS--GENERAL INFORMATION
fixed length control field 181216s||||||||xx |||||||||||||| ||und||
040 ## - CATALOGING SOURCE
Transcribing agency GE_BSU
080 ## - UNIVERSAL DECIMAL CLASSIFICATION NUMBER
Universal Decimal Classification number 821.353.1-32
100 ## - MAIN ENTRY--PERSONAL NAME
Personal name მილორავა,ლევან
245 ## - TITLE STATEMENT
Title დიდი თავადი ბესარიონ ლორთქიფანიძე
245 ## - TITLE STATEMENT
Remainder of title მოთხრობათა სერიალი.
260 ## - PUBLICATION, DISTRIBUTION, ETC.
Place of publication, distribution, etc. ქუთაისი
260 ## - PUBLICATION, DISTRIBUTION, ETC.
Name of publisher, distributor, etc. ქართული თეატრი
260 ## - PUBLICATION, DISTRIBUTION, ETC.
Date of publication, distribution, etc. 1999.
300 ## - PHYSICAL DESCRIPTION
Extent 87გვ;14სმ.
653 ## - INDEX TERM--UNCONTROLLED
Uncontrolled term დიდი თავადი ბესარიონ ლორთქიფანიძე
653 ## - INDEX TERM--UNCONTROLLED
Uncontrolled term მოთხრობათა სერიალი.
942 ## - ADDED ENTRY ELEMENTS (KOHA)
Koha item type წიგნი
ეგზემპლარები
Withdrawn status Lost status Damaged status Not for loan Date acquired Barcode Date last seen Price effective from Koha item type
        2018-12-17 32900 2018-12-17 2018-12-17 წიგნი